| 000 | 00394pam a2200157a 44500 | ||
|---|---|---|---|
| 008 | 230515b2010 xxu||||| |||| 00| 0 eng d | ||
| 020 | _a978-0-7817-8454-2 | ||
| 041 | _aENGLISH | ||
| 082 | _a613.2 | ||
| 100 | _aDUFEK SUDAN G | ||
| 245 | _aNUTRITION ESSENTILS FOR NURSING PRACTICE | ||
| 250 | _a6 | ||
| 260 |
_a _bLIPPINCOTT WILLIAMS & WILKINS. _c2010 |
||
| 300 | _aX-598 | ||
| 650 | _aNULL | ||
| 999 |
_c506434 _d506434 |
||